00393nam a22001217a 4500082001700000100002400017245007200041260004400113300000900157490005200166650002700218700002600245 a543.0858 SPE aSpectroscopy at.... aResidential Workshop on Spectroscopy at the department of chemistry aPeradeniyabPeradeniya Universityc1981 a[ ] aResidential Workshop :17th-19th september ,1981 achemistry,spectroscopy aperadeniya university